01042nam a2200205Ia 4500999001500000003000900015005001700024008004100041040002800082090001900110110006300129245012500192260008100317300004300398504003600441650005300477942001200530952014700542952014700689 c2731d2731DO-SdBJH20180417025151.0180414s9999 dr 000 0 spa d aDO-SdBJHbspacDO-SdBJH aDM JP 4-0 2000 aInstituto de Cooperación para la Seguridad Hemisférica10aDoctrina para el apoyo logístico de operaciones conjuntas / Instituto de Cooperación para la Seguridad Hemisférica aFuerte Benning, Georgia : Cuartel General Secretaría del Ejército, 2000 ax, 62 páginas en varias paginaciones acontiene apéndices y glosario 4aOperaciones conjuntas -- Doctrina -- Logística 2ddccBK 00102ddc40708DMaBEGEMbBEGEMcGENd2018-04-14i18-EERD-01159l0oDM JP 4-0 2000p18-EERD-01159r2018-04-14 00:00:00tEj.1w2018-04-14yBK 00102ddc40708DMaBEGEMbBEGEMcGENd2018-04-14i18-EERD-01160l0oDM JP 4-0 2000p18-EERD-01160r2018-04-14 00:00:00tEj.2w2018-04-14yBK